|
|
|
|
| LEADER |
00000nab a2200000 a 4500 |
| 001 |
vtls000660880 |
| 003 |
SK-MaSNL |
| 005 |
20260303122412.0 |
| 008 |
180206c1998 xo 0 slo |
| 015 |
|
|
|a SNBRB1998/06-16692
|
| 035 |
|
|
|a CLN000013070
|
| 040 |
|
|
|a SNKBUCL
|b slo
|c SNKBUCL
|e AACR2
|
| 041 |
0 |
|
|a slo
|
| 044 |
|
|
|a xo
|c SK
|
| 080 |
|
|
|a 796.342.093.1
|2 UDC-MRF-SK2
|
| 100 |
1 |
|
|a Hinšt, Jaroslav
|4 aut
|9 223305
|
| 245 |
1 |
0 |
|a Sesterské osemfinále sa nekoná
|b ôsmy deň na dvorcoch All England clubu
|c Jaroslav Hinšt
|
| 611 |
1 |
7 |
|a Majstrovstvá Anglicka v tenise
|d (1998 :
|c Londýn, Anglicko)
|2 snkbucl
|9 96922
|
| 650 |
0 |
7 |
|a tenis
|2 snkbucl
|9 3293
|
| 655 |
|
7 |
|a články z novín a časopisov
|2 snkbucl
|9 267496
|
| 773 |
0 |
|
|t Šport
|g Roč. 52, č. 149 (30.6.1998), s. 20
|
| 850 |
|
|
|a Slovenská národná knižnica v Martine
|
| 852 |
|
|
|a SNK
|b KIS3GCP
|
| 958 |
|
|
|a RBX
|
| 999 |
|
|
|c 1920813
|d 1922743
|